| 000 | 00603 a2200169 4500 | ||
|---|---|---|---|
| 005 | 20250528141324.0 | ||
| 020 | _a978-0-273-70253-5 | ||
| 082 | _aLECT 657 ELL | ||
| 100 | _aELLIOTT, B. | ||
| 245 | _aFinancial Accounting, Reporting and Analysis: International Edition | ||
| 250 | _a2nd Ed. | ||
| 260 |
_aLondon, _bPearson Education Limited, _c2006. |
||
| 300 |
_axxi, 696p.: ill.; figure, table. _bIndex, _c25cm. |
||
| 700 | _aELLIOTT, J. | ||
| 856 |
_yAccess online book _fFinancial Accounting, Reporting and Analysis: International Edition _dwww.personed.co.uk/elliott_elliott |
||
| 942 |
_2ddc _cBKS |
||
| 999 |
_c2782 _d2782 |
||